AP US History Quiz 1 Part 1 - Statistics

General Stats
  • This quiz has been taken 480 times
    464 since last reset
  • The average score is 8 of 22
Answer Stats
Hint Answer % Correct
Discovers The New World Aka Americas Christopher Columbus
92%
Crop that makes huge amount of revenue especially in Virginia Tobacco
84%
Settlement in 1607 Jamestown
82%
Spain and this Country sign treaty to divide up the Americas Portugal
67%
Animal who's fur was very popular for trade Beaver
61%
2nd Settled City (Later Abandoned) Roanoke
55%
Cortes invades this Native American Tribe Aztecs
42%
Works with Powhatan Tribe John Smith
41%
Island that the Spanish arrived to first Hispaniola
37%
Before Slaves Indentured Servants
37%
Leads Rebellion to Jamestown in 1670 Nathaniel Bacon
35%
The Treaty the two countries signed Treaty of Tordesillas
29%
Aztec Leader killed by Cortes Moctezuma
27%
Priest who did not like the way the Spanish were treating the Natives Bartolme de Las Casas
24%
Important Crop in South Carolinia Indigo
23%
Man who introduced Tobacco John Rolfe
23%
Year First Africans were brought into America 1619
22%
_ Time (1609-1610) Starving
16%
First Joint Investment Stock Company Virginia Company
16%
Native American Settlement that thrives before European Arrival Cahokia
13%
1st Settled City (Later Abandoned) St. Augustine
12%
Main City in Aztec Empire Tenochitlan
10%
No matching quizzes found
Score Distribution
Percent of People with Each Score
Percentile by Number Answered
Your Score History
You have not taken this quiz since the last reset